UK second homes abroad spotlight (Record no. 112964)

MARC details
000 -LEADER
fixed length control field 00979cad a22001935a 4500
001 - CONTROL NUMBER
control field L154385
008 - FIXED-LENGTH DATA ELEMENTS--GENERAL INFORMATION
fixed length control field 120619s2011 xxk f 000 0 eng d
035 ## - SYSTEM CONTROL NUMBER
System control number (Sirsi) u154385
041 0# - LANGUAGE CODE
Language code of text/sound track or separate title eng
110 2# - MAIN ENTRY--CORPORATE NAME
Corporate name or jurisdiction name as entry element Savills
9 (RLIN) 2020
245 00 - TITLE STATEMENT
Title UK second homes abroad spotlight
Remainder of title enduring appeal Autumn 2011[electronic resource]
260 ## - PUBLICATION, DISTRIBUTION, ETC.
Place of publication, distribution, etc. London
Name of publisher, distributor, etc. Savills
Date of publication, distribution, etc. 2011
520 ## - SUMMARY, ETC.
Summary, etc. Sets out trends in property buying trends for UK residents purchasing second homes abroad including analysis of prices and favourite destinations. Survey results are complimented with commentary on the prime market from Savills' Residential International sales experience, reviewing the impact of the global credit crunch on the industry.
590 ## - LOCAL NOTE (RLIN)
Local note KA
651 #4 - SUBJECT ADDED ENTRY--GEOGRAPHIC NAME
Geographic name International
690 ## - LOCAL SUBJECT ADDED ENTRY--TOPICAL TERM (OCLC, RLIN)
Topical term or geographic name as entry element PROPERTY-RESIDENTIAL PROPERTY
856 40 - ELECTRONIC LOCATION AND ACCESS
Uniform Resource Identifier <a href="https://pdf.euro.savills.co.uk/uk/spotlight-on/spotlight-on-second-homes-abroad.pdf">https://pdf.euro.savills.co.uk/uk/spotlight-on/spotlight-on-second-homes-abroad.pdf</a>
Public note View the report after free registration at www.savills.co.uk
942 ## - ADDED ENTRY ELEMENTS (KOHA)
Suppress in OPAC 0
Holdings
Withdrawn status Lost status Source of classification or shelving scheme Damaged status Not for loan Home library Current library Shelving location Date acquired Total Checkouts Full call number Barcode Date last seen Copy number Price effective from Koha item type
    Dewey Decimal Classification     Virtual Virtual Online 22/11/2011   ONLINE PUBLICATION 154385-2001 06/08/2019 1 06/08/2019 Book